AH International Schools' Libraries

The color monster : (Record no. 50440)

MARC details
000 -LEADER
fixed length control field 02146nam a2200469 4500
020 ## - INTERNATIONAL STANDARD BOOK NUMBER
International Standard Book Number 9780316450010
Qualifying information (hardcover)
020 ## - INTERNATIONAL STANDARD BOOK NUMBER
International Standard Book Number 0316450014
Qualifying information (hardcover)
035 ## - SYSTEM CONTROL NUMBER
System control number 20165849
035 ## - SYSTEM CONTROL NUMBER
System control number (OCoLC)1028884598
040 ## - CATALOGING SOURCE
Original cataloging agency YDX
Language of cataloging eng
Transcribing agency YDX
Description conventions rda
Modifying agency BDX
-- GK5
-- OCLCO
-- QQ3
-- UAP
-- ILC
-- OCLCF
-- BKL
-- CGP
-- OCLCO
-- IGA
-- JTH
-- NYP
-- VP@
-- EHH
-- JSE
-- DLC
041 1# - LANGUAGE CODE
Language code of text/sound track or separate title eng
Language code of original and/or intermediate translations of text spa
042 ## - AUTHENTICATION CODE
Authentication code lccopycat
050 00 - LIBRARY OF CONGRESS CALL NUMBER
Classification number BF561
Item number .L54613 2018
082 04 - DEWEY DECIMAL CLASSIFICATION NUMBER
Classification number 152.4
-- [E]
Edition number 23
100 ## - MAIN ENTRY--PERSONAL NAME
Personal name Llenas, Anna,
Dates associated with a name 1977-
Relator term author,
-- illustrator.
9 (RLIN) 87375
245 ## - TITLE STATEMENT
Title The color monster :
Remainder of title a story about emotions /
Statement of responsibility, etc Anna Llenas.
250 ## - EDITION STATEMENT
Edition statement First U.S. edition.
260 ## - PUBLICATION, DISTRIBUTION, ETC. (IMPRINT)
Place of publication, distribution, etc USA.;
Name of publisher, distributor, etc Little, Brown Books for Young Readers:
Date of publication, distribution, etc September 4, 2018.
300 ## - PHYSICAL DESCRIPTION
Extent 1 volume (unpaged) :
Other physical details color illustrations ;
Dimensions 26 cm.
490 ## - SERIES STATEMENT
Series statement The Color Monster:
Volume number/sequential designation 1 of 5
500 ## - GENERAL NOTE
General note Translation copyright ©2018 by Hachette Book Group.
520 ## - SUMMARY, ETC.
Summary, etc One day, Color Monster wakes up feeling very confused. His emotions are all over the place; he feels angry, happy, calm, sad and scared all at once! To help him, a little girl shows him what each feeling means through color. As this adorable monster learns to sort and define his mixed up emotions, he gains self-awareness and peace as a result.
650 ## - SUBJECT ADDED ENTRY--TOPICAL TERM
Topical term or geographic name as entry element Emotions
Form subdivision Juvenile fiction.
9 (RLIN) 83603
650 #0 - SUBJECT ADDED ENTRY--TOPICAL TERM
Topical term or geographic name as entry element Monsters
Form subdivision Juvenile fiction.
650 #0 - SUBJECT ADDED ENTRY--TOPICAL TERM
Topical term or geographic name as entry element Emotions
Form subdivision Juvenile literature.
9 (RLIN) 63824
650 ## - SUBJECT ADDED ENTRY--TOPICAL TERM
Topical term or geographic name as entry element Monsters
Form subdivision Juvenile literature.
9 (RLIN) 74233
650 #1 - SUBJECT ADDED ENTRY--TOPICAL TERM
Topical term or geographic name as entry element Emotions.
650 #1 - SUBJECT ADDED ENTRY--TOPICAL TERM
Topical term or geographic name as entry element Monsters.
9 (RLIN) 44221
650 #7 - SUBJECT ADDED ENTRY--TOPICAL TERM
Topical term or geographic name as entry element JUVENILE FICTION / Concepts / Colors.
9 (RLIN) 70994
650 #7 - SUBJECT ADDED ENTRY--TOPICAL TERM
Topical term or geographic name as entry element JUVENILE FICTION / Imagination & Play.
9 (RLIN) 54055
650 #7 - SUBJECT ADDED ENTRY--TOPICAL TERM
Topical term or geographic name as entry element JUVENILE FICTION / Monsters.
9 (RLIN) 76906
650 #7 - SUBJECT ADDED ENTRY--TOPICAL TERM
Topical term or geographic name as entry element JUVENILE FICTION / Social Themes / Emotions & Feelings.
9 (RLIN) 87376
650 #7 - SUBJECT ADDED ENTRY--TOPICAL TERM
Topical term or geographic name as entry element JUVENILE FICTION / Social Themes / Self-Esteem & Self-Reliance.
9 (RLIN) 74727
650 #7 - SUBJECT ADDED ENTRY--TOPICAL TERM
Topical term or geographic name as entry element Emotions.
9 (RLIN) 87377
650 #7 - SUBJECT ADDED ENTRY--TOPICAL TERM
Topical term or geographic name as entry element Monsters.
9 (RLIN) 44221
655 #4 - INDEX TERM--GENRE/FORM
Genre/form data or focus term Nonfiction.
9 (RLIN) 66668
655 #7 - INDEX TERM--GENRE/FORM
Genre/form data or focus term Juvenile works.
Source of term fast
9 (RLIN) 52753
655 #7 - INDEX TERM--GENRE/FORM
Genre/form data or focus term Picture books.
Source of term lcgft
9 (RLIN) 53881
655 #7 - INDEX TERM--GENRE/FORM
Genre/form data or focus term Fiction.
Source of term lcgft
9 (RLIN) 52739
655 #7 - INDEX TERM--GENRE/FORM
Genre/form data or focus term Literature.
Source of term lcgft
9 (RLIN) 73839
942 ## - ADDED ENTRY ELEMENTS (KOHA)
Source of classification or shelving scheme
Koha item type Book
Holdings
Withdrawn status Lost status Source of classification or shelving scheme Damaged status Not for loan Home library Current library Date acquired Total Checkouts Full call number Barcode Date last seen Date checked out Price effective from Koha item type
          Logos International School Logos International School 04/28/2026 1 J 152.4 LLE 040955 04/29/2026 04/28/2026 04/28/2026 Book

For any Logos Library related questions please contact Miss Art at swongnarasuk@asianhope.org.

For any Asian Hope Library related questions please contact Miss Raza at graza@asianhope.org.

Powered by Koha